[Event "World Chess Olympiad 2018"]
[Site "Batumi"]
[Date "2018.09.28"]
[Round "5"]
[Board "4"]
[WhiteFideId "16600614"]
[White "Cabuso Rustum"]
[BlackFideId "21200742"]
[Black "Kolani-Banake Sopague"]
[Result "0-1"]
[LiveChessVersion "1.4.8"]
[BlackElo "1635"]
[WhiteElo "1730"]

1. e4 {[%clk 1:30:52]} e6 {[%clk 1:30:54]} 2. Nf3 {[%clk 1:30:53]} d5
{[%clk 1:31:13]} 3. exd5 {[%clk 1:30:07]} exd5 {[%clk 1:31:35]} 4. d4
{[%clk 1:29:54]} Bf5 {[%clk 1:30:26]} 5. Bd3 {[%clk 1:28:33]} Bxd3
{[%clk 1:29:03]} 6. Qxd3 {[%clk 1:28:07]} Nf6 {[%clk 1:29:10]} 7. O-O
{[%clk 1:27:42]} Nbd7 {[%clk 1:21:44]} 8. Re1+ {[%clk 1:25:22]} Be7
{[%clk 1:22:06]} 9. Nc3 {[%clk 1:24:57]} O-O 10. Bd2 c6 {[%clk 1:19:16]} 11. Re2
{[%clk 1:22:52]} Bd6 {[%clk 1:18:54]} 12. Rae1 {[%clk 1:22:22]} Qc7
{[%clk 1:19:09]} 13. Ne5 {[%clk 1:18:08]} Rfe8 {[%clk 1:12:26]} 14. Qf3
{[%clk 1:15:06]} Nxe5 {[%clk 1:10:43]} 15. dxe5 {[%clk 1:12:58]} Rxe5
{[%clk 1:06:59]} 16. h3 {[%clk 1:10:33]} Rxe2 {[%clk 1:06:28]} 17. Rxe2
{[%clk 1:10:00]} Re8 {[%clk 0:58:16]} 18. Bg5 {[%clk 1:01:37]} Rxe2
{[%clk 0:55:05]} 19. Qxe2 {[%clk 1:01:31]} Qe7 {[%clk 0:55:01]} 20. Qxe7
{[%clk 0:59:31]} Bxe7 {[%clk 0:55:17]} 21. Bxf6 {[%clk 0:58:41]} Bxf6
{[%clk 0:55:35]} 22. Nd1 {[%clk 0:58:35]} Kf8 {[%clk 0:54:53]} 23. b3
{[%clk 0:58:38]} Ke7 {[%clk 0:53:51]} 24. Kf1 {[%clk 0:56:43]} Ke6
{[%clk 0:53:56]} 25. Ke2 {[%clk 0:56:30]} c5 {[%clk 0:53:22]} 26. Kd3
{[%clk 0:55:31]} b5 {[%clk 0:52:51]} 27. c4 {[%clk 0:54:33]} bxc4+
{[%clk 0:47:58]} 28. bxc4 {[%clk 0:53:25]} Bd4 {[%clk 0:47:51]} 29. cxd5+
{[%clk 0:48:34]} Kxd5 {[%clk 0:48:08]} 30. Ne3+ {[%clk 0:48:21]} Bxe3
{[%clk 0:47:17]} 31. fxe3 {[%clk 0:48:32]} f5 {[%clk 0:47:34]} 32. h4
{[%clk 0:45:11]} g6 {[%clk 0:47:26]} 33. a3 {[%clk 0:42:34]} a5 {[%clk 0:43:51]}
34. g3 {[%clk 0:38:01]} h5 {[%clk 0:42:52]} 35. a4 {[%clk 0:21:50]} c4+
{[%clk 0:41:26]} 36. Ke2 {[%clk 0:12:47]} Ke4 {[%clk 0:38:36]} 37. Kf2
{[%clk 0:08:48]} Kd3 {[%clk 0:37:42]} 38. Kf3 {[%clk 0:02:19]} c3
{[%clk 0:37:35]} 39. Kf4 {[%clk 0:01:25]} c2 {[%clk 0:37:28]} 40. Kg5
{[%clk 0:01:24]} c1=Q {[%clk 0:36:05]} 41. Kxg6 {[%clk 0:31:21]} Qxe3
{[%clk 1:06:20]} 42. Kxh5 {[%clk 0:31:13]} Qxg3 {[%clk 1:06:18]} 0-1

[Event "World Chess Olympiad 2018"]
[Site "Batumi"]
[Date "2018.09.28"]
[Round "5"]
[Board "1"]
[WhiteFideId "22400052"]
[White "Gadeanang Andrew"]
[BlackFideId "23800011"]
[Black "Bailey Matthew"]
[Result "1-0"]
[LiveChessVersion "1.4.8"]
[BlackElo "1060"]
[WhiteElo "1551"]

1. e4 {[%clk 1:30:44]} c6 {[%clk 1:30:58]} 2. Nf3 {[%clk 1:31:00]} d5
{[%clk 1:31:26]} 3. exd5 {[%clk 1:31:03]} cxd5 {[%clk 1:31:53]} 4. d4
{[%clk 1:30:44]} Nf6 {[%clk 1:32:21]} 5. h3 {[%clk 1:30:42]} e6 {[%clk 1:32:41]}
6. Bd3 {[%clk 1:30:39]} Be7 {[%clk 1:33:03]} 7. O-O {[%clk 1:30:46]} Nbd7
{[%clk 1:33:19]} 8. Be3 {[%clk 1:30:03]} Qc7 {[%clk 1:33:28]} 9. Nbd2
{[%clk 1:29:47]} b6 {[%clk 1:33:44]} 10. Rc1 {[%clk 1:28:31]} Qd6
{[%clk 1:28:55]} 11. a3 {[%clk 1:27:39]} Bb7 {[%clk 1:28:48]} 12. Re1
{[%clk 1:27:25]} O-O {[%clk 1:29:10]} 13. Ne5 {[%clk 1:26:09]} Ne4
{[%clk 1:19:13]} 14. Bf4 {[%clk 1:24:08]} Nxe5 {[%clk 1:17:45]} 15. Bxe5
{[%clk 1:23:19]} Qd7 {[%clk 1:17:28]} 16. Nxe4 {[%clk 1:23:28]} dxe4
{[%clk 1:17:37]} 17. Bxe4 {[%clk 1:23:41]} Bxe4 {[%clk 1:17:23]} 18. Rxe4
{[%clk 1:23:57]} Qd5 {[%clk 1:17:36]} 19. Rg4 {[%clk 1:23:49]} f6
{[%clk 1:17:33]} 20. Bh2 {[%clk 1:22:26]} Rac8 {[%clk 1:17:24]} 21. Qe2
{[%clk 1:21:33]} Bd6 {[%clk 1:14:03]} 22. Bxd6 {[%clk 1:20:59]} Qxd6
{[%clk 1:14:26]} 23. c3 {[%clk 1:21:02]} f5 {[%clk 1:14:02]} 24. Rg3
{[%clk 1:16:41]} Rfe8 {[%clk 1:13:40]} 25. Re1 {[%clk 1:15:51]} f4
{[%clk 1:12:36]} 26. Rg5 {[%clk 1:16:03]} Rc6 {[%clk 1:12:14]} 27. Re5
{[%clk 1:15:53]} Qe7 {[%clk 1:09:22]} 28. d5 {[%clk 1:16:02]} Rc5
{[%clk 1:08:38]} 29. Rxe6 {[%clk 1:16:17]} Qg5 {[%clk 1:05:32]} 30. Rxe8+
{[%clk 1:16:32]} Kf7 31. Qe6# 1-0

[Event "World Chess Olympiad 2018"]
[Site "Batumi"]
[Date "2018.09.28"]
[Round "5"]
[Board "1"]
[WhiteFideId "19900023"]
[White "Aw Ousmane"]
[BlackFideId "10609431"]
[Black "Bongo Akanga Ndjila Barthelemy"]
[Result "0-1"]
[LiveChessVersion "1.4.8"]
[BlackElo "1765"]
[WhiteElo "1880"]

1. e4 {[%clk 1:30:55]} c6 {[%clk 1:28:22]} 2. d4 {[%clk 1:31:15]} d5
{[%clk 1:28:51]} 3. Nc3 {[%clk 1:31:29]} dxe4 {[%clk 1:29:08]} 4. Nxe4
{[%clk 1:31:48]} Nf6 {[%clk 1:29:36]} 5. Ng3 {[%clk 1:32:00]} g6 {[%clk 1:29:41]}
6. Nf3 {[%clk 1:31:33]} Bg7 {[%clk 1:30:04]} 7. Be2 {[%clk 1:31:59]} h5
{[%clk 1:29:37]} 8. Nh4 {[%clk 1:30:23]} Bg4 {[%clk 1:29:43]} 9. c3
{[%clk 1:29:56]} Bxe2 10. Qxe2 {[%clk 1:29:47]} O-O {[%clk 1:27:51]} 11. O-O
{[%clk 1:29:35]} Qc7 {[%clk 1:21:17]} 12. Bg5 {[%clk 1:28:47]} Re8
{[%clk 1:19:57]} 13. Rfe1 {[%clk 1:25:45]} Nbd7 {[%clk 1:19:55]} 14. Qd2
{[%clk 1:23:29]} Rad8 {[%clk 1:20:02]} 15. Qc2 {[%clk 1:22:19]} c5
{[%clk 1:18:07]} 16. Nxg6 {[%clk 1:19:35]} fxg6 {[%clk 1:18:27]} 17. Qxg6
{[%clk 1:19:55]} Nf8 {[%clk 1:18:48]} 18. Qf5 {[%clk 1:18:40]} Rd5
{[%clk 1:15:06]} 19. Re5 {[%clk 1:10:29]} e6 {[%clk 1:15:15]} 20. Qh3
{[%clk 1:04:35]} Rxe5 {[%clk 1:12:01]} 21. Bxf6 {[%clk 1:03:13]} Bxf6
{[%clk 1:08:18]} 22. dxe5 {[%clk 1:02:11]} Qxe5 {[%clk 1:04:46]} 23. Nxh5
{[%clk 1:02:27]} Re7 {[%clk 0:58:49]} 24. Qg3+ {[%clk 0:58:56]} Qxg3
{[%clk 0:57:34]} 25. Nxf6+ {[%clk 0:59:08]} Kf7 {[%clk 0:58:04]} 26. hxg3
{[%clk 0:57:13]} Kxf6 {[%clk 0:58:21]} 27. Kf1 {[%clk 0:57:02]} Rd7
{[%clk 0:54:02]} 28. Ke2 {[%clk 0:57:24]} Rd5 {[%clk 0:53:52]} 29. Rh1
{[%clk 0:57:25]} c4 {[%clk 0:53:59]} 30. Rh8 {[%clk 0:56:14]} Kg7
{[%clk 0:54:14]} 31. Rh4 {[%clk 0:55:47]} Rb5 {[%clk 0:51:02]} 32. Rxc4
{[%clk 0:53:09]} Rxb2+ {[%clk 0:51:25]} 33. Ke3 {[%clk 0:53:38]} Kf6
{[%clk 0:51:32]} 34. a4 {[%clk 0:52:59]} Nd7 {[%clk 0:51:13]} 35. Rf4+
{[%clk 0:52:47]} Ke7 {[%clk 0:43:11]} 36. Rh4 {[%clk 0:51:08]} Nf6
{[%clk 0:41:13]} 37. c4 {[%clk 0:49:24]} Ra2 {[%clk 0:37:14]} 38. g4
{[%clk 0:48:44]} Rxa4 {[%clk 0:37:13]} 39. g5 {[%clk 0:49:09]} Nd7
{[%clk 0:30:00]} 40. Rh7+ {[%clk 1:18:40]} Ke8 {[%clk 0:59:56]} 41. g6
{[%clk 1:13:08]} Rxc4 {[%clk 0:48:41]} 42. Rh8+ {[%clk 1:11:30]} Ke7
{[%clk 0:48:59]} 43. Rh7+ {[%clk 1:10:27]} Kd6 {[%clk 0:45:10]} 44. f3
{[%clk 1:10:33]} Rc8 {[%clk 0:44:20]} 45. Rf7 {[%clk 1:05:17]} Rg8
{[%clk 0:44:25]} 46. g7 {[%clk 1:05:09]} e5 {[%clk 0:44:26]} 47. Rf5
{[%clk 1:03:06]} Rxg7 {[%clk 0:44:47]} 48. g4 {[%clk 1:03:10]} Ke6
{[%clk 0:44:52]} 49. Rh5 {[%clk 1:03:35]} Nf6 {[%clk 0:42:09]} 50. Rh1
{[%clk 1:03:33]} b5 {[%clk 0:41:39]} 51. Rc1 {[%clk 1:03:28]} Nd5+
{[%clk 0:39:33]} 52. Ke4 {[%clk 1:03:03]} Rc7 {[%clk 0:39:57]} 53. Rh1
{[%clk 1:02:44]} Rc4+ {[%clk 0:39:28]} 54. Kd3 {[%clk 1:02:44]} Rc3+
{[%clk 0:39:24]} 55. Ke2 {[%clk 1:02:16]} Nf4+ {[%clk 0:39:11]} 56. Kf2
{[%clk 1:01:20]} Rc2+ {[%clk 0:39:22]} 57. Kg3 {[%clk 1:01:39]} a5
{[%clk 0:32:20]} 58. Ra1 {[%clk 1:00:51]} a4 {[%clk 0:32:30]} 59. Rb1
{[%clk 1:01:19]} Ne2+ {[%clk 0:32:23]} 60. Kh4 Nc3 {[%clk 0:32:33]} 61. Re1
{[%clk 1:01:02]} Nd5 {[%clk 0:28:55]} 62. Ra1 {[%clk 1:00:33]} Rc7
{[%clk 0:27:57]} 63. Kg5 {[%clk 1:00:12]} Ra7 {[%clk 0:28:13]} 64. Rh1
{[%clk 1:00:24]} a3 {[%clk 0:26:57]} 65. Rh6+ {[%clk 1:00:15]} Kd7
{[%clk 0:27:25]} 66. Rh7+ {[%clk 0:59:27]} Ne7 0-1